header

Balanced scorecards & operational dashboards with Microsoft Excel (Record no. 76945)

MARC details
000 -LEADER
fixed length control field 01482nam a2200349 a 4500
082 04 - DEWEY DECIMAL CLASSIFICATION NUMBER
Classification number 658.4038011
100 1# - MAIN ENTRY--AUTHOR NAME
Personal name Person, Ron,
245 10 - TITLE STATEMENT
Title Balanced scorecards & operational dashboards with Microsoft Excel
250 ## - EDITION STATEMENT
Edition statement 2nd ed.
260 ## - PUBLICATION, DISTRIBUTION, ETC. (IMPRINT)
Place of publication Indianapolis :
Name of publisher J. Wiley and Sons,
Year of publication 2013.
300 ## - PHYSICAL DESCRIPTION
Number of Pages xxvi, 454 p. :
Other physical details ill.
505 0# - FORMATTED CONTENTS NOTE
Formatted contents note pt. 1. Strategic performance with balanced scorecards -- pt. 2. Operational performance with dashboards -- pt. 3. Building maps, scorecards, and dashboards.
650 #0 - SUBJECT ADDED ENTRY--TOPICAL TERM
Topical Term Performance technology.
Topical Term Dashboards (Management information systems)
856 40 - ELECTRONIC LOCATION AND ACCESS
Uniform Resource Identifier http://site.ebrary.com/lib/rucke/Doc?id=10657519

No items available.

© 2026 Rongo University
Contact us: librarian | system librarian | Rongo university